Online
Catalog

Informe sobre la pobreza en la República Dominicana : (Record no. 50481)

MARC details
000 -CABECERA
campo de control de longitud fija 02046nam a22003377a 4500
003 - IDENTIFICADOR DEL NÚMERO DE CONTROL
campo de control DO-SdBNP
005 - FECHA Y HORA DE LA ÚLTIMA TRANSACCIÓN
campo de control 20240528191003.0
007 - CAMPO FIJO DE DESCRIPCIÓN FÍSICA--INFORMACIÓN GENERAL
campo de control de longitud fija ta
008 - DATOS DE LONGITUD FIJA--INFORMACIÓN GENERAL
campo de control de longitud fija 210913e2006 a|||| |||| 001 0 spa d
040 ## - FUENTE DE LA CATALOGACIÓN
Centro catalogador/agencia de origen DO-SdBNP
Lengua de catalogación spa
Centro/agencia transcriptor BNPHU
082 #4 - NÚMERO DE LA CLASIFICACIÓN DECIMAL DEWEY
Número de clasificación 339.46
Número de documento/Ítem I43s, 2006
Número de edición 22
245 00 - MENCIÓN DE TÍTULO
Título Informe sobre la pobreza en la República Dominicana :
Resto del título logrando un crecimiento económico que beneficie a los pobres .
246 00 - FORMA VARIANTE DE TÍTULO
Título propio/Titulo breve Dominican Republic poverty assessment : achieving more pro-poor growth
Texto de visualización Español
260 ## - PUBLICACIÓN, DISTRIBUCIÓN, ETC.
Lugar de publicación, distribución, etc. Santo Domingo :
Nombre del editor, distribuidor, etc. Banco Mundial : Banco Interamericano de Desarrollo,
Fecha de publicación, distribución, etc. 2006.
300 ## - DESCRIPCIÓN FÍSICA
Extensión 310 p.:
Otras características físicas il.;
Dimensiones 28 cm.
500 ## - NOTA GENERAL
Nota general Documento del Banco Mundial y del Banco Interamericano de Desarrollo.
500 ## - NOTA GENERAL
Nota general Incluye índice de contenido.
500 ## - NOTA GENERAL
Nota general Incluye anexos.
501 ## - NOTA DE "CON"
Nota de “Con” Con foto de la portada: "De Guachupita al Cielo", Oleo sobre tela 1979. 24 x 24.<br/>Autor; Gilberto Hernández Ortega.<br/>Colección Museo Bellapart Rep. Dom.
505 0# - NOTA DE CONTENIDO CON FORMATO
Nota de contenido con formato Resumen Ejecutivo.
Título Introducción --
-- 1. Crecimiento económico, pobreza y desiguadad --
-- 2. Factores determinantes de la pobreza y la desigualdad --
-- 3. Oportunidades de empleo en mercados laborales urbano y rural --
-- 4. Rendimiento por encima del esperado y resultados insuficientes en educación --
-- 5. Asistencia social, Pobreza y Equidad -- <br/><br/>
-- 6. Impacto Distributivo de la Reforma Fiscal ( Del ITBIS) --
-- Bibliografía --
590 ## - NOTA LOCAL (RLIN)
Nota local Inventariado, 2021 / SA
650 4# - PUNTO DE ACCESO ADICIONAL DE MATERIA--TÉRMINO DE MATERIA
9 (RLIN) 2079
Término de materia o nombre geográfico como elemento de entrada Pobreza
Subdivisión geográfica República Dominicana
651 #4 - PUNTO DE ACCESO ADICIONAL DE MATERIA--NOMBRE GEOGRÁFICO
Nombre geográfico República Dominicana
Subdivisión general Condiciones económicas
Subdivisión cronológica 1961-
9 (RLIN) 7344
651 #4 - PUNTO DE ACCESO ADICIONAL DE MATERIA--NOMBRE GEOGRÁFICO
Nombre geográfico República Dominicana
Subdivisión general Condiciones económicas
9 (RLIN) 281
651 #4 - PUNTO DE ACCESO ADICIONAL DE MATERIA--NOMBRE GEOGRÁFICO
Nombre geográfico República Dominicana
Subdivisión general Política económica
9 (RLIN) 643
710 2# - PUNTO DE ACCESO ADICIONAL--NOMBRE DE ENTIDAD CORPORATIVA
Nombre de entidad corporativa o nombre de jurisdicción como elemento de entrada Banco Mundial
9 (RLIN) 32071
710 2# - PUNTO DE ACCESO ADICIONAL--NOMBRE DE ENTIDAD CORPORATIVA
Nombre de entidad corporativa o nombre de jurisdicción como elemento de entrada Banco Mundial
9 (RLIN) 32071
710 2# - PUNTO DE ACCESO ADICIONAL--NOMBRE DE ENTIDAD CORPORATIVA
Nombre de entidad corporativa o nombre de jurisdicción como elemento de entrada Banco Interamericano de Desarrollo
9 (RLIN) 9655
910 ## - DATOS DE OPCIÓN DEL USUARIO (OCLC)
Datos de opción del usuario Saquino /Validado. Control de calidad MFF
942 ## - ELEMENTOS DE PUNTO DE ACCESO ADICIONAL (KOHA)
Fuente del sistema de clasificación o colocación Dewey Decimal Classification
Tipo de ítem Koha Libro
Holdings
Estado de retiro Estado de pérdida Fuente del sistema de clasificación o colocación Restricciones de uso No para préstamo Código de colección Localización permanente Ubicación/localización actual Ubicación en estantería Fecha de adquisición Fuente de adquisición Signatura topográfica completa Código de barras Fecha visto por última vez Precio válido a partir de Tipo de ítem Koha Número de copia
    Dewey Decimal Classification Préstamo restringido   Patrimonio Dominicano Biblioteca Nacional Pedro Henríquez Ureña Biblioteca Nacional Pedro Henríquez Ureña Depósito 04.07.2018 Donado BNPHU PD 339.46 I43s 2006 2021-26422 13.09.2021 13.09.2021 Libro  
    Dewey Decimal Classification Préstamo restringido   Patrimonio Dominicano Biblioteca Nacional Pedro Henríquez Ureña Biblioteca Nacional Pedro Henríquez Ureña Depósito 02.07.2018 Donado BNPHU PD 339.46 I43s 2006 2021-26423 13.09.2021 13.09.2021 Libro e.2
    Dewey Decimal Classification Préstamo en sala   Dominicana de Servicio Biblioteca Nacional Pedro Henríquez Ureña Biblioteca Nacional Pedro Henríquez Ureña Depósito 25.04.2022 Donado BNPHU DS 339.46 I43s 2006 2021-26424 25.04.2022 25.04.2022 Libro e.3
    Dewey Decimal Classification Préstamo en sala   Dominicana de Servicio Biblioteca Nacional Pedro Henríquez Ureña Biblioteca Nacional Pedro Henríquez Ureña Depósito   Donativo BNPHU DS 339.46 I43s 2006 2022-2626 02.06.2022 02.06.2022 Libro e.4
    Dewey Decimal Classification Préstamo en sala   Dominicana de Servicio Biblioteca Nacional Pedro Henríquez Ureña Biblioteca Nacional Pedro Henríquez Ureña Depósito   Donativo BNPHU DS 339.46 I43s 2006 2022-2627 02.06.2022 02.06.2022 Libro e.5

Powered by Koha